| Tag |
First Indicator |
Second Indicator |
Subfields |
| LEADER |
00000cam a2200000 i 4500 |
| 001 |
in00003925708 |
| 005 |
20180430074540.0 |
| 008 |
170310t20172017ne ab bcm 000 0 eng c |
| 010 |
|
|
|a 2017436510
|
| 020 |
|
|
|a 9789087282752
|
| 020 |
|
|
|a 9087282753
|
| 020 |
|
|
|z 9789400602830
|q (e-ISBN)
|
| 035 |
|
|
|a (OCoLC)ocn978666820
|
| 040 |
|
|
|a L2U
|e rda
|c L2U
|d CDX
|d UBY
|d YDX
|d BWK
|d BDX
|d UAB
|d UtOrBLW
|
| 041 |
0 |
|
|a eng
|b dut
|
| 043 |
|
|
|a ff-----
|a e------
|a aw-----
|a f-ua---
|
| 049 |
|
|
|a TXAM
|
| 050 |
|
4 |
|a NB115
|b .M886 2017
|
| 082 |
0 |
|
|a 733/.5
|2 23
|
| 100 |
1 |
|
|a Müskens, Sander,
|e author.
|0 http://id.loc.gov/authorities/names/no2017085551
|
| 245 |
1 |
0 |
|a Egypt beyond representation :
|b materials and materiality of Aegyptiaca Romana /
|c Sander Müskens.
|
| 264 |
|
1 |
|a Leiden :
|b Leiden University Press,
|c [2017]
|
| 264 |
|
4 |
|c ©2017
|
| 300 |
|
|
|a xxvii, 413 pages :
|b color illustrations, color map ;
|c 28 cm.
|
| 336 |
|
|
|a text
|b txt
|2 rdacontent
|
| 337 |
|
|
|a unmediated
|b n
|2 rdamedia
|
| 338 |
|
|
|a volume
|b nc
|2 rdacarrier
|
| 490 |
1 |
|
|a Archaeological studies Leiden University ;
|v 35
|
| 504 |
|
|
|a Includes bibliographical references (pages 367-413).
|
| 520 |
|
|
|a The 35th volume of the ASLU series develops and applies a new approach to study Aegyptiaca Romana from a bottom-up, Roman perspective. Current approaches to these objects are often still plagued by top-down projections of modern definitions and understandings of Egypt and Egyptian material culture onto the Roman world. "Egypt beyond representation" instead argues that these artefacts should be studied in their own right, without reducing them from the onset to fixed (Egyptian) meanings. Starting from a novel focus on the materials and materiality of a selection of stone Aegyptiaca from Rome, and by combining archaeological and archaeometric perspectives, this study shows that, while 'Egyptianness' may have been among Roman associations, these objects were able to do much more than merely representing notions of Egypt.
|
| 650 |
|
0 |
|a Stone carving
|z Rome
|v Catalogs.
|
| 650 |
|
0 |
|a Stone industry and trade
|x History
|y To 1500.
|
| 650 |
|
0 |
|a Art, Roman
|x Egyptian influences.
|0 http://id.loc.gov/authorities/subjects/sh89001871
|
| 650 |
|
0 |
|a Art, Egyptian
|z Rome.
|
| 650 |
|
0 |
|a Art, Egyptian
|x Influence.
|0 http://id.loc.gov/authorities/subjects/sh85007639
|
| 651 |
|
0 |
|a Rome
|x Antiquities.
|0 http://id.loc.gov/authorities/subjects/sh85115088
|
| 651 |
|
0 |
|a Egypt
|x Antiquities.
|0 http://id.loc.gov/authorities/subjects/sh85041263
|
| 830 |
|
0 |
|a Archaeological studies Leiden University ;
|v 35.
|0 http://id.loc.gov/authorities/names/n2002108799
|
| 945 |
|
|
|b 353592
|
| 947 |
|
|
|a A14850263113
|
| 948 |
|
|
|a cataloged
|b h
|c 2017/12/13
|d c
|e dmitchel
|f 3:30:30 pm
|
| 994 |
|
|
|a 92
|b TXA
|
| 999 |
f |
f |
|s 8ba78ac3-3105-3904-816f-064ac11b5ff8
|i 71db4427-e9da-30dd-a865-148a6a48e294
|t 0
|
| 952 |
f |
f |
|p normal
|a Texas A&M University
|b College Station
|c Sterling C. Evans Library
|d Evans: Library Stacks
|t 0
|e NB115 .M886 2017
|h Library of Congress classification
|i unmediated -- volume
|m A14850263113
|
| 998 |
f |
f |
|a NB115 .M886 2017
|t 0
|l Evans: Library Stacks
|